01009nam a22002417a 4500999001700000003000900017008004100026040007100067082002400138100002700162245005000189260003200239300002800271505016400299650002500463650003100488650002800519650002900547650003100576942001600607945000900623952013500632 c21196d21196AR-CdUCM190227b ||||| |||| 00| 0 spa d aMUNICIPALIDAD PROVINCIAL DEL CUSCOcBIBLIOTECA MUNICIPAL DEL CUSCO a985.01 / R63 bR63  aRíos Zamalloa, Jorge aEscenario histórico de los Qollas e Inkas / aCusco : bWamanpuma,c2017. a132 páginas ;c20 cm. aContenido: Qosqo capital imperial -- Qosqo en el proceso imperial -- La religiosidad Inka -- Las luchas de religiones -- La lucha de la religiosidad andina ... aCultura andina95789 aEpoca Prehispánica92714 aÉpoca Colonial944286 aIdentidad cultural92943 aReligiosidad andina944127 2ddccLIBROS aRoel 002ddc4070aSHbSHcCARTd2020-02-17eDepósito Legal BNP N° 2017-02709g10.00o985.01 / R63pSH0000015668r2020-02-17yLIBROS